<?xml version="1.0" encoding="UTF-8"?>
<record
    xmlns:xsi="http://www.w3.org/2001/XMLSchema-instance"
    xsi:schemaLocation="http://www.loc.gov/MARC21/slim http://www.loc.gov/standards/marcxml/schema/MARC21slim.xsd"
    xmlns="http://www.loc.gov/MARC21/slim">

  <leader>00619nam a2200217Ia 4500</leader>
  <controlfield tag="008">230125s9999    xx            000 0 und d</controlfield>
  <datafield tag="020" ind1=" " ind2=" ">
    <subfield code="a">81-314-1205-3</subfield>
  </datafield>
  <datafield tag="041" ind1=" " ind2=" ">
    <subfield code="a">eng</subfield>
  </datafield>
  <datafield tag="082" ind1=" " ind2=" ">
    <subfield code="a">658.312 44</subfield>
    <subfield code="b">CHA/MUK</subfield>
  </datafield>
  <datafield tag="100" ind1=" " ind2=" ">
    <subfield code="a">Chaudhuri S R , Ed.</subfield>
    <subfield code="9">108926</subfield>
  </datafield>
  <datafield tag="245" ind1=" " ind2=" ">
    <subfield code="a">Delegation and Empowerment for Growth</subfield>
  </datafield>
  <datafield tag="250" ind1=" " ind2=" ">
    <subfield code="a">1st Ed.</subfield>
  </datafield>
  <datafield tag="260" ind1=" " ind2=" ">
    <subfield code="c">2007</subfield>
    <subfield code="b">ICFAI publication</subfield>
    <subfield code="a">Hyderabad</subfield>
  </datafield>
  <datafield tag="300" ind1=" " ind2=" ">
    <subfield code="a">226p</subfield>
  </datafield>
  <datafield tag="440" ind1=" " ind2=" ">
    <subfield code="a">ICFAI</subfield>
  </datafield>
  <datafield tag="500" ind1=" " ind2=" ">
    <subfield code="a">Empowerment;HRM Gen</subfield>
  </datafield>
  <datafield tag="650" ind1=" " ind2=" ">
    <subfield code="a">Human Resource Management</subfield>
  </datafield>
  <datafield tag="700" ind1=" " ind2=" ">
    <subfield code="a">Chaudhuri S R , Ed. &amp; Mukherjee I, Ed.</subfield>
    <subfield code="9">108927</subfield>
  </datafield>
  <datafield tag="906" ind1=" " ind2=" ">
    <subfield code="b">206</subfield>
  </datafield>
  <datafield tag="999" ind1=" " ind2=" ">
    <subfield code="c">85655</subfield>
    <subfield code="d">85655</subfield>
  </datafield>
  <datafield tag="952" ind1=" " ind2=" ">
    <subfield code="0">0</subfield>
    <subfield code="1">0</subfield>
    <subfield code="4">0</subfield>
    <subfield code="7">0</subfield>
    <subfield code="a">HIMR</subfield>
    <subfield code="b">HIMR</subfield>
    <subfield code="d">2010-12-28</subfield>
    <subfield code="e">Word Book Shop</subfield>
    <subfield code="g">412.00</subfield>
    <subfield code="i">WORDI/2010/CRB/1201</subfield>
    <subfield code="l">0</subfield>
    <subfield code="o">658.312 44 CHA/MUK B09470</subfield>
    <subfield code="p">HIMR-BK-9470</subfield>
    <subfield code="r">2023-01-25 00:00:00</subfield>
    <subfield code="v">206.00</subfield>
    <subfield code="w">2010-11-18</subfield>
    <subfield code="y">BK</subfield>
    <subfield code="z">B09470</subfield>
  </datafield>
  <datafield tag="952" ind1=" " ind2=" ">
    <subfield code="0">0</subfield>
    <subfield code="1">0</subfield>
    <subfield code="4">0</subfield>
    <subfield code="7">0</subfield>
    <subfield code="a">HIMR</subfield>
    <subfield code="b">HIMR</subfield>
    <subfield code="d">2013-03-30</subfield>
    <subfield code="e">Book World</subfield>
    <subfield code="g">425.00</subfield>
    <subfield code="i">918</subfield>
    <subfield code="l">0</subfield>
    <subfield code="o">658.312 44 CHA/MUK B11986</subfield>
    <subfield code="p">HIMR-BK-11986</subfield>
    <subfield code="r">2023-01-25 00:00:00</subfield>
    <subfield code="v">425.00</subfield>
    <subfield code="w">2013-01-04</subfield>
    <subfield code="y">BK</subfield>
    <subfield code="z">B11986</subfield>
  </datafield>
</record>
